|
|
|
|
| LEADER |
01319nam a2200349 a 4500 |
| 001 |
ELB5190 |
| 003 |
FlNmELB |
| 006 |
m o d | |
| 007 |
cr cn||||||||| |
| 008 |
201201r2008 ck |||||s|||||||||||spa d |
| 022 |
|
|
|a 0120-0976
|
| 035 |
|
|
|a (MiAaPQ)EBC3203622
|
| 035 |
|
|
|a (Au-PeEL)EBL3203622
|
| 035 |
|
|
|a (CaPaEBR)ebr10624243
|
| 035 |
|
|
|a (OCoLC)955457146
|
| 040 |
|
|
|a FlNmELB
|b spa
|c FlNmELB
|
| 050 |
|
4 |
|a ZA3038
|b C8241 2008
|
| 080 |
|
|
|a 002
|
| 082 |
0 |
4 |
|a 020
|2 22
|
| 100 |
1 |
|
|a Correa Uribe, Guillermo.
|
| 245 |
1 |
0 |
|a Diseño de un modelo de gestión del conocimiento para la escuela interamericana de bibliotecología
|h [recurso electronico]
|c Guillermo Correa Uribe, Sonia Lucia Rosero Jiménez, Herlaynne Segura Jiménez.
|
| 260 |
|
|
|a Medellín :
|b Universidad de Antioquia,
|c 2008.
|
| 300 |
|
|
|a 85-108 pp.
|
| 310 |
|
|
|a Semestral
|
| 533 |
|
|
|a Recurso electrónico. Santa Fe, Arg.: e-libro, 2015. Disponible vía World Wide Web. El acceso puede estar limitado para las bibliotecas afiliadas a e-libro.
|
| 650 |
|
4 |
|a Education.
|x General.
|
| 650 |
|
4 |
|a Educación.
|x General.
|
| 655 |
|
4 |
|a Libros electrónicos.
|
| 700 |
1 |
|
|a Rosero Jiménez, Sonia Lucia.
|
| 700 |
1 |
|
|a Segura Jiménez, Herlaynne.
|
| 710 |
2 |
|
|a e-libro, Corp.
|
| 856 |
4 |
0 |
|u https://elibro.net/ereader/uninicaragua/5190
|